|
|
|
|
| LEADER |
00000nam2a2200000 4500 |
| 001 |
241559 |
| 005 |
20231101231825.0 |
| 020 |
|
|
|a RU
|b 90-46873ж
|
| 035 |
|
|
|a (RuTPU)RU\TPU\book\262834
|
| 035 |
|
|
|a RU\TPU\book\213275
|
| 090 |
|
|
|a 241559
|
| 100 |
|
|
|a 20130805d1990 k y0rusy5003 ca
|
| 101 |
0 |
|
|a rus
|
| 102 |
|
|
|a UA
|
| 105 |
|
|
|a a z 001zy
|
| 200 |
0 |
|
|a Вып. 50
|f отв. ред. Н. Г. Твердохлеб
|
| 210 |
|
|
|d 1990
|
| 215 |
|
|
|d 22 см
|a 126 с.
|c ил.
|
| 320 |
|
|
|a Библиогр. в конце ст.
|
| 461 |
|
1 |
|0 (RuTPU)RU\TPU\book\168722
|x 0130-9455
|t Машинная обработка информации
|o республиканский межведомственный научный сборник
|f Киевский институт народного хозяйства
|v Вып. 50
|d 1973-1992
|
| 606 |
1 |
|
|a Информация
|x Обработка
|x Автоматизация
|2 stltpush
|3 (RuTPU)RU\TPU\subj\12978
|9 39669
|
| 606 |
1 |
|
|a Обработка данных
|2 stltpush
|3 (RuTPU)RU\TPU\subj\46586
|9 65706
|
| 610 |
1 |
|
|a ЭВМ
|
| 610 |
1 |
|
|a телеобработка
|
| 610 |
1 |
|
|a гибкие автоматизированные производства
|
| 610 |
1 |
|
|a планирование
|
| 610 |
1 |
|
|a календарное планирование
|
| 610 |
1 |
|
|a СУБД
|
| 610 |
1 |
|
|a системы управления базами данных
|
| 610 |
1 |
|
|a экономико-математические методы
|
| 610 |
1 |
|
|a моделирование
|
| 610 |
1 |
|
|a вычислительные центры
|
| 675 |
|
|
|a 681.3.01
|z rus
|v 3
|
| 702 |
|
1 |
|a Твердохлеб
|b Н. Г.
|g Николай Григорьевич
|4 651
|
| 801 |
|
0 |
|a RU
|b 63413507
|c 19950417
|g psbo
|
| 801 |
|
1 |
|a RU
|b 63413507
|c 20110511
|
| 801 |
|
2 |
|a RU
|b 63413507
|c 20160122
|g RCR
|
| 942 |
|
|
|c BK
|